000 00263nam a22001217a 4500
003 OSt
008 250106b |||||||| |||| 00| 0 eng d
041 _aeng
082 _a332.4
100 _aCrowther, Geoffrey
_96782
245 _aAn Outline of Money
942 _cBK
999 _c18936
_d18936